| 000 | 00989nam a2200265 a 4500 | ||
|---|---|---|---|
| 001 | 000005423 | ||
| 005 | 20200929151655.0 | ||
| 008 | 090819s2000 es 000 0 spa d | ||
| 020 | _a8400079914 | ||
| 040 | _aDO-SdBNP | ||
| 082 |
_a863.4 _bF363n |
||
| 100 | 1 |
_aFernández Gutiérrez, José María, _d1942- _915392 |
|
| 245 | 1 | 3 |
_aLa novela semanal / _cJosé María Fernandez Gutiérrez ; prólogo Alberto Sánchez Álvarez-Insúa. |
| 260 |
_aMadrid : _bConsejo Superior de Investigaciones Científicas, _c2000. |
||
| 300 |
_a209 p. ; _c22 cm. |
||
| 490 | 1 |
_aLiteratura breve ; _v5 |
|
| 504 | _aIncluye referencias bibliográficas y notas al pie de las páginas | ||
| 630 | 3 | 4 |
_aLA NOVELA SEMANAL _xCOMENTARIOS _915393 |
| 650 | 4 |
_aNovela española _91123 |
|
| 650 | 4 |
_aLiteratura española _9632 |
|
| 700 | 1 | 4 |
_aSánchez Álvarez-Insúa, Alberto, _epról. _915089 |
| 830 | 0 |
_aLiteratura breve ; _v5 _915394 |
|
| 910 | _aValidado. Control de calidad BNPHU | ||
| 999 | 9 | 9 |
_a1 _n0000723 _c5223 _d5223 |
| 049 | _aBNPD | ||